| 000 | 00745cam a2200193 i 4500 | ||
|---|---|---|---|
| 020 | _a0309026598 | ||
| 082 | 0 | 0 |
_a625.8 _a625.8 _bNAT |
| 110 | 2 |
_aNational Research Council (U.S.). _920017 |
|
| 245 | 1 | 0 |
_aPavement surface properties and performance / _cTransportation Research Board, Commission on Sociotechnical Systems, National Research Council. |
| 260 |
_aWashington : _bNational Academy of Sciences, _c1977. |
||
| 300 |
_aiii, 50 p. : _bill. ; _c28 cm. |
||
| 500 | _a"Reports for TRB 56th annual meeting." | ||
| 526 |
_a0 _b0 _c0 _d625_800000000000000_NAT |
||
| 650 | 0 |
_aMCE _9379 |
|
| 650 | 0 |
_aPavements _xDesign and construction. _9916 |
|
| 650 | 0 |
_aPavements _xEvaluation. _921679 |
|
| 650 | 0 |
_aPavements _xTesting. _921218 |
|
| 942 |
_2ddc _cBK |
||
| 999 |
_c547613 _d547613 |
||